000 00361 a2200109 4500
001 ART_49721
005 20260410161936.0
008 260409a
245 1 0 _aLas metas monetarias del Bundesbank
100 1 _aAlemann, Roberto T.
773 0 _tAnales de la Academia Nacional de Ciencias Económicas
_g- Vol. XXXX, (1995) (ene. 1996)
_wREV25596
999 _c29029
_d29029